000 01963cam a22004574i 4500
003 PE-LiUPU
005 20250731173125.0
008 150623s r 000 0 d
020 _a0377000949
035 _a(Sirsi) i9780377000940
040 _aPE-LiUPU
_bspa
_cPE-LiUPU
_erda
049 _aPRUA
082 0 4 _a261.85
_bE33
_221
245 0 0 _aEnergy ethics :
_ba christian response /
_ceditado por Dieter T. Hessel.
264 1 _aNew York, NY :
_bFriendship Press,
_c1973.
300 _a170 páginas :
_bilustraciones, diagrámas, gráficos tablas ;
_c21 centímetros.
336 _atext
_2rdacontent
337 _aunmediated
_2rdamedia
338 _avolume
_2rdacarrier
504 _aIncluye bibliografía.
505 0 _aEco-justice in the eighties. Energy and society: Choosing a future. Energy as a moral and religious issue. The politics of energy policy. Ways to influence energy systems. Exodus from nuclear bondage. Ethical implications of energy production and use A. NCCC energy study process and purpose. Theological dimensions of the energy situation. Individual institutional conservation. Use energy resource projection. Other ways to go. Resources for futher study action.
526 _aSEG42
526 _aSEG41
526 _aSEG40
526 _aSEG39
526 _aP94
526 _aP87
526 _aP86
526 _aP85
526 _aP77
526 _aP76
526 _aP35
650 1 4 _aRecursos energéticos
_zEstados Unidos.
_94159
650 2 4 _aPolítica energética
_xAspectos morales y éticos.
_94160
700 1 _aHessel, Dieter T.,
_eeditor.
710 2 _aNational Council of churches of christ in the United State of America. Energy Study Panel.
942 _2ddc
_cBK
949 _a261.85 E33
_wDEWEY
_c1
_i51178
_lCCODEBUL1
_mBUL
_p5.00
_r0
_sY
_tBOOK
_u2015-6-24
_xTEOLOGIA
_0COMPRA
_o.STAFF. Colección General
999 _c32881
_d32881
980 _81
_gALBERTO SANCHEZ Responsable de Automatización